| 000 | 00767nam a22002537a 4500 | ||
|---|---|---|---|
| 003 | OSt | ||
| 005 | 20250814024003.0 | ||
| 008 | 240701b |||||||| |||| 00| 0 eng d | ||
| 020 | _a9781975235055 | ||
| 040 |
_aDWCL-Main Lib. _cOC |
||
| 082 | _aCirc. 615.1 K18 2023 | ||
| 100 | _aKrach, Amy Marrison | ||
| 245 |
_aFocus on nursing pharmacology/ _cAmy Marrison Krach [and two others] |
||
| 250 | _a9th edition | ||
| 260 |
_aPhiledaphia : _bWolters Kluwer, _cc2023. |
||
| 300 |
_axiv, 1153 pages : _billustrations ; _c26cm. |
||
| 504 | _aIncludes index. | ||
| 650 | _a1. Pharmacology. | ||
| 650 | _a 2. Nursing. | ||
| 650 | _a3. Chemotherapy. | ||
| 700 | _aTucker, Rebecca G. | ||
| 700 | _aSchweighart, Anne | ||
| 942 |
_2ddc _cBK-CIRC _kCirc. _n0 _e9th edition |
||
| 999 |
_c1705 _d1705 |
||